Ajuntaments de Catalunya : fitxer general 1987 fitxer general 1987
Descripción Física:
397 p. ; 24 cm
MARC
| LEADER | 00000nam a2200000Ia 4500 | ||
|---|---|---|---|
| 001 | 8078 | ||
| 008 | 160829s9999 xx 000 0 cat d | ||
| 080 | |a M-3-68 | ||
| 245 | |a Ajuntaments de Catalunya : |b fitxer general 1987 | ||
| 260 | |a Barcelona : |b Federació de Municipis de Catalunya, DL 1987 | ||
| 300 | |a 397 p. ; |c 24 cm | ||
| 590 | |a Amb la col·laboració de: Direcció General d'Administració Local de la Generalitat, Diputacions de Barcelona, Lleida i Girona. | ||
| 650 | |a Municipis |x Govern i administració |x Catalunya |x Directoris |9 24982 | ||
| 710 | 1 | |a Lleida (Catalunya : Província). |b Diputació |9 52948 | |
| 710 | 1 | |a Girona (Catalunya : Província). |b Diputació |9 11479 | |
| 710 | 1 | |a Catalunya. |b Direcció General d'Administració Local |9 53065 | |
| 710 | 1 | |a Barcelona (Catalunya : Província). |b Diputació |9 52408 | |
| 710 | |a Federació de Municipis de Catalunya |9 52168 | ||
| 901 | |a Arxiu | ||
| 942 | |n 1 | ||
| 952 | |0 0 |1 0 |4 0 |6 M368 |7 1 |9 43401 |a Arxiu |b Arxiu |d 2016-12-01 |l 0 |o M-3-68 |p 8078 |r 2016-12-01 00:00:00 |w 2016-12-01 |y ARXIU | ||
| 999 | |c 45947 |d 45947 | ||